000 00426nam a2200181Ia 4500
005 20240823012039.0
008 240823s9999||||xx |||||||||||||| ||und||
041 _aENGLISH
082 _A332.1752 P2
100 _aICFAI
245 0 _aBank Credit : Emerging Trends
250 _a1st
260 _bICFAI
_aHyderabad
500 _aTRANSFERED
650 _aManagement
_bManagement Studies
942 _cBK
999 _c163279
_d163279